Statistiken für Größte deutsche Städte an der Ostsee

Klicken Sie hier um das Quiz zu spielen!

Allgemein

  • Dieses Quiz wurde 203 mal gespielt
    (181 seit der letzten Aktualisierung)
  • Das Durchschnittsergebnis liegt bei 9 aus 18

Antwortstatistiken

BevölkerungStadt% Korrekt
221.000Rostock
99%
310.100Kiel
98%
14.100Travemünde (Lübeck)
93%
60.400Stralsund
82%
105.900Flensburg
79%
59.700Greifswald
73%
44.800Wismar
72%
21.800Eckernförde
42%
9.000Sassnitz
35%
7.700Kühlungsborn
30%
13.300Neustadt in Holstein
30%
8.600Heiligenhafen
25%
9.700Ribnitz
25%
8.000Timmendorfer-Strand
21%
8.200Heringsdorf
20%
8.200Barth
18%
7.400Scharbeutz - Sierksdorf
16%
7.900Kappeln
13%

Verteilung der Resultate

Perzentil nach korrekt beantworteten Fragen

Anzahl Personen mit jedem Resultat

Ihre Resultats-Entwicklung

Sie haben dieses Quiz seit der letzten Aktualisierung nicht gespielt